[Event "Titled Tuesday intern op 02nd Apr Late"]
[Site "Chess.com INT"]
[Date "2024.04.02"]
[Round "2"]
[White "Guo, Anni"]
[Black "Bazilius, Augustinas"]
[Result "0-1"]
[WhiteElo "1902"]
[BlackElo "2041"]
[PlyCount "98"]
[EventDate "2024.04.02"]
[EventType "swiss (blitz)"]
[EventRounds "11"]
[EventCountry "USA"]
[SourceTitle "CB15_2024"]
[SourceDate "2024.04.10"]
[SourceVersion "1"]
[SourceVersionDate "2024.04.10"]
[SourceQuality "1"]

1. b3 Nf6 2. Bb2 g6 3. e3 Bg7 4. d4 d6 5. Bd3 0-0 6. Nf3 Nbd7 7. c4 Re8 8. 0-0 e5 9. dxe5 Nxe5 10. Nxe5 dxe5 11. Bc2 Bg4 12. f3 Bd7 13. Nc3 c6 14. Qe2 Qc7 15. Kh1 Rad8 16. Rad1 Bc8 17. Ne4 h5 18. h3 Nxe4 19. Bxe4 Be6 20. Bb1 Rxd1 21. Rxd1 Rd8 22. e4 Rxd1+ 23. Qxd1 Qd7 24. Qe2 f6 25. Bd3 Bh6 26. Kg1 b6 27. Bc3 c5 28. Kf1 a5 29. a4 Kf7 30. Bc2 Bf4 31. Kf2 h4 32. Kf1 Bg3 33. Be1 Bxh3 34. Bxg3 hxg3 35. gxh3 Qxh3+ 36. Qg2 Qh6 37. Bd1 Qf4 38. Qe2 Qh4 39. Qg2 Qf4 40. Qh3 Qd2 41. Be2 Qc1+ 42. Kg2 Qe1 43. Qd7+ Kg8 44. Qe8+ Kg7 45. Qe7+ Kh6 46. Qf8+ Kg5 47. f4+ exf4 48. Qh8 Qf2+ 49. Kh1 g2+ 0-1

[Event "Titled Tuesday intern op 02nd Apr Late"]
[Site "Chess.com INT"]
[Date "2024.04.02"]
[Round "7"]
[White "Montano Vicente, Guadalupe"]
[Black "Bazilius, Augustinas"]
[Result "1/2-1/2"]
[WhiteElo "1819"]
[BlackElo "2041"]
[PlyCount "188"]
[EventDate "2024.04.02"]
[EventType "swiss (blitz)"]
[EventRounds "11"]
[EventCountry "USA"]
[SourceTitle "CB15_2024"]
[SourceDate "2024.04.10"]
[SourceVersion "1"]
[SourceVersionDate "2024.04.10"]
[SourceQuality "1"]

1. d4 Nf6 2. c4 c5 3. d5 e6 4. Nc3 exd5 5. cxd5 d6 6. e4 g6 7. f4 Bg7 8. Bb5+ Nfd7 9. a4 0-0 10. Nf3 a6 11. Bd3 Qb6 12. a5 Qa7 13. Be3 b5 14. axb6 Qxb6 15. Qc2 a5 16. 0-0 Na6 17. Qe2 Nb4 18. Bc4 Ba6 19. Rfc1 Rfe8 20. Bf2 f5 21. e5 dxe5 22. d6+ Kh8 23. Bxa6 Rxa6 24. Ng5 h6 25. Nf7+ Kh7 26. Na4 Qc6 27. Nxc5 Raa8 28. Nd3 Qd5 29. Nxb4 axb4 30. Rxa8 Rxa8 31. Nxe5 Nxe5 32. fxe5 Qxe5 33. Qxe5 Bxe5 34. d7 Bxb2 35. Rd1 Bf6 36. Bb6 b3 37. d8Q Bxd8 38. Bxd8 b2 39. Bf6 Rb8 40. Rb1 g5 41. Rxb2 Rc8 42. Bd4 Kg6 43. Kf2 Kh5 44. h3 Rc4 45. Be3 f4 46. Bd2 Rc6 47. Kf1 Rd6 48. Be1 Re6 49. Bf2 Rc6 50. Re2 Rc1+ 51. Re1 Rc6 52. Re2 Rd6 53. Re1 Rc6 54. Rd1 Ra6 55. Kg1 Re6 56. Re1 Rc6 57. g3 fxg3 58. Bxg3 Rc3 59. Kg2 Rc2+ 60. Bf2 Rc6 61. Rf1 Ra6 62. Bg3 Ra2+ 63. Rf2 Ra6 64. Bh2 Rc6 65. Re2 Ra6 66. Bg3 Rc6 67. Rf2 Ra6 68. Kh2 Rc6 69. Rg2 Ra6 70. Bf2 Rc6 71. Bg3 Ra6 72. Rd2 Rc6 73. Kg2 Ra6 74. Kf2 Rf6+ 75. Kg2 Ra6 76. Rf2 Rc6 77. Kf3 Rf6+ 78. Ke2 Re6+ 79. Kd3 Ra6 80. Ke4 Ra4+ 81. Kf5 Ra3 82. Rg2 Ra5+ 83. Ke4 Ra4+ 84. Kf3 Ra3+ 85. Ke2 Ra2+ 86. Kf1 Ra1+ 87. Be1 Ra3 88. Rh2 Rf3+ 89. Kg1 Ra3 90. Bf2 Ra1+ 91. Kg2 Ra2 92. Kg1 Ra1+ 93. Kg2 Ra2 94. Kg1 Ra1+ 1/2-1/2

[Event "LTU-ch sf"]
[Site "Kaunas"]
[Date "2024.03.09"]
[Round "6"]
[White "Bazilius, Augustinas"]
[Black "Bieliauskas, Marius"]
[Result "1/2-1/2"]
[WhiteElo "2019"]
[BlackElo "2166"]
[PlyCount "85"]
[EventDate "2024.03.06"]
[EventType "swiss"]
[EventRounds "8"]
[EventCountry "LTU"]
[SourceTitle "CB11_2024"]
[SourceDate "2024.03.13"]
[SourceVersion "1"]
[SourceVersionDate "2024.03.13"]
[SourceQuality "1"]

1. d4 Nf6 2. c4 e6 3. Nf3 Bb4+ 4. Bd2 Qe7 5. g3 0-0 6. Bg2 Bxd2+ 7. Qxd2 d6 8. Nc3 c6 9. 0-0 e5 10. e4 Bg4 11. h3 Bxf3 12. Bxf3 Qe6 13. d5 cxd5 14. Nxd5 Nxd5 15. Bg4 Qe7 16. cxd5 Nd7 17. b4 Nf6 18. Bf3 Qd7 19. Kg2 Rfc8 20. Rfc1 g6 21. a3 Kg7 22. Ra2 Rxc1 23. Qxc1 Rc8 24. Rc2 Rxc2 25. Qxc2 Kf8 26. a4 Ne8 27. Bg4 Qc7 28. Qxc7 Nxc7 29. Be2 Ke7 30. f3 f5 31. Bd3 f4 32. g4 h6 33. h4 g5 34. h5 Kd8 35. b5 a5 36. Kf2 Na8 37. Bc2 Nb6 38. Bb3 Kc7 39. Ke2 Nd7 40. Kd3 Nc5+ 41. Kc4 Nxb3 42. Kxb3 Kb6 43. Kc4 1/2-1/2

[Event "LTU-ch sf"]
[Site "Kaunas"]
[Date "2024.03.08"]
[Round "4"]
[White "Tutinas, Romualdas"]
[Black "Bazilius, Augustinas"]
[Result "0-1"]
[WhiteElo "1791"]
[BlackElo "2019"]
[PlyCount "96"]
[EventDate "2024.03.06"]
[EventType "swiss"]
[EventRounds "8"]
[EventCountry "LTU"]
[SourceTitle "CB11_2024"]
[SourceDate "2024.03.13"]
[SourceVersion "1"]
[SourceVersionDate "2024.03.13"]
[SourceQuality "1"]

1. d4 Nf6 2. c4 g6 3. Nc3 Bg7 4. e4 d6 5. f4 0-0 6. Nf3 c5 7. d5 e6 8. Be2 exd5 9. exd5 Bf5 10. 0-0 Ne4 11. Nxe4 Bxe4 12. Ng5 Bd4+ 13. Kh1 Bf5 14. g4 Bc8 15. f5 Bg7 16. Ne4 Re8 17. Bd3 b5 18. fxg6 fxg6 19. Bg5 Qc7 20. Qf3 bxc4 21. Nf6+ Bxf6 22. Qxf6 Qg7 23. Rae1 Qxf6 24. Rxe8+ Kf7 25. Rxf6+ Kxe8 26. Bxc4 Bxg4 27. Rxd6 Nd7 28. Bb5 Rb8 29. Bc6 Rb6 30. a4 h6 31. Bh4 g5 32. Bg3 Rxb2 33. Rxh6 c4 34. Rh8+ Kf7 35. Rh7+ Kg6 36. Bxd7 Bf3+ 37. Kg1 Kxh7 38. Bf5+ Kg8 39. Be6+ Kf8 40. d6 c3 41. Be5 Rb1+ 42. Kf2 c2 43. d7 Rd1 44. Bb2 Bc6 45. Ba3+ Kg7 46. Bb2+ Kh6 47. Ke2 Bxd7 48. Bxd7 Rxd7 0-1

[Event "Titled Tuesday intern op 13th Feb Early"]
[Site "Chess.com INT"]
[Date "2024.02.13"]
[Round "5"]
[White "Subramanian, Anusha"]
[Black "Bazilius, Augustinas"]
[Result "0-1"]
[WhiteElo "2013"]
[BlackElo "2030"]
[PlyCount "130"]
[EventDate "2024.02.13"]
[EventType "swiss (blitz)"]
[EventRounds "11"]
[EventCountry "USA"]
[SourceTitle "CB08_2024"]
[SourceDate "2024.02.21"]
[SourceVersion "1"]
[SourceVersionDate "2024.02.21"]
[SourceQuality "1"]

1. c4 b6 2. d4 Bb7 3. Nc3 g6 4. e4 Bg7 5. Nf3 c5 6. Be3 d6 7. d5 Nf6 8. Bd3 Nbd7 9. 0-0 Ng4 10. Qe2 Nxe3 11. Qxe3 0-0 12. Nd2 a6 13. Kh1 Ne5 14. f4 Nxd3 15. Qxd3 b5 16. cxb5 axb5 17. Qxb5 Ba6 18. Qb3 Bxf1 19. Rxf1 Qa5 20. Nc4 Qb4 21. Qxb4 cxb4 22. Nb5 Rxa2 23. b3 Rfa8 24. e5 Ra1 25. Kg1 dxe5 26. fxe5 Rxf1+ 27. Kxf1 Ra1+ 28. Kf2 Rb1 29. Nd4 f6 30. e6 f5 31. Nc6 Bf6 32. Nxb4 Rxb3 33. Nc6 Rc3 34. N6a5 Rd3 35. Nb6 Bd4+ 36. Ke2 Bxb6 37. Kxd3 Bxa5 38. Kc4 Bc7 39. h3 Bd6 40. Kb5 Kg7 41. Kc6 Kf6 42. Kd7 h6 43. Ke8 g5 44. Kf8 h5 45. Kg8 g4 46. hxg4 hxg4 47. Kh7 f4 48. Kh6 f3 49. gxf3 gxf3 50. Kh5 Kf5 51. Kh6 f2 52. Kg7 f1Q 53. Kf8 Qg1 54. Ke8 Qg8+ 55. Kd7 Qb8 56. Kc6 Qc7+ 57. Kb5 Qc5+ 58. Ka6 Bc7 59. Kb7 Ba5 60. Ka8 Qxd5+ 61. Ka7 Qc5+ 62. Kb7 Qb6+ 63. Ka8 Qd8+ 64. Kb7 Kxe6 65. Kc6 Qd5# 0-1

[Event "Nova Gorica op 28th"]
[Site "Nova Gorica"]
[Date "2024.02.02"]
[Round "9"]
[White "Bazilius, Augustinas"]
[Black "Ivsek, Cveto"]
[Result "1-0"]
[WhiteElo "2030"]
[BlackElo "1711"]
[PlyCount "93"]
[EventDate "2024.01.26"]
[EventType "swiss"]
[EventRounds "9"]
[EventCountry "SLO"]
[SourceTitle "CB06_2024"]
[SourceDate "2024.02.07"]
[SourceVersion "1"]
[SourceVersionDate "2024.02.07"]
[SourceQuality "1"]

1. d4 d5 2. c4 e6 3. Nf3 Nf6 4. g3 c6 5. Bg2 Bb4+ 6. Bd2 Bxd2+ 7. Nbxd2 Nbd7 8. 0-0 0-0 9. Qc2 Re8 10. Rfd1 h6 11. e4 dxe4 12. Nxe4 Nxe4 13. Qxe4 Qf6 14. Ne5 a5 15. c5 Qf5 16. Qe2 Nf6 17. Nc4 Rd8 18. a4 Nd5 19. Qd2 Nb4 20. Qe2 Qc2 21. Rd2 Qf5 22. Be4 Qf6 23. Ne5 Nd5 24. Ra3 Qg5 25. h4 Qe7 26. Nc4 Nf6 27. Bg2 Qc7 28. Rd1 Bd7 29. Rf3 Be8 30. Qe1 Nd7 31. Rb3 Ra7 32. Rc1 Nf6 33. Nd6 Rd7 34. g4 Re7 35. g5 hxg5 36. hxg5 Nh7 37. f4 f5 38. Re3 Nf8 39. Nxf5 Rd7 40. Nd6 Rxd6 41. cxd6 Qxd6 42. f5 Qxd4 43. Qf2 Bd7 44. f6 gxf6 45. gxf6 Kf7 46. Qe2 Ng6 47. Rd1 1-0

[Event "Nova Gorica op 28th"]
[Site "Nova Gorica"]
[Date "2024.01.31"]
[Round "7"]
[White "Bazilius, Augustinas"]
[Black "Marchesich, Giovanni"]
[Result "1/2-1/2"]
[WhiteElo "2030"]
[BlackElo "2210"]
[PlyCount "28"]
[EventDate "2024.01.26"]
[EventType "swiss"]
[EventRounds "9"]
[EventCountry "SLO"]
[SourceTitle "CB06_2024"]
[SourceDate "2024.02.07"]
[SourceVersion "1"]
[SourceVersionDate "2024.02.07"]
[SourceQuality "1"]

1. Nf3 Nf6 2. d4 g6 3. c4 Bg7 4. Nc3 0-0 5. e4 d6 6. Bd3 Nc6 7. d5 Nb4 8. Be2 e6 9. dxe6 Bxe6 10. Nd4 Bd7 11. 0-0 Re8 12. f3 Nc6 13. Be3 Nh5 14. f4 Qh4 1/2-1/2

[Event "Nova Gorica op 28th"]
[Site "Nova Gorica"]
[Date "2024.01.26"]
[Round "1"]
[White "Bazilius, Augustinas"]
[Black "Perossa, Nicolas"]
[Result "0-1"]
[WhiteElo "2030"]
[BlackElo "2277"]
[PlyCount "106"]
[EventDate "2024.01.26"]
[EventType "swiss"]
[EventRounds "9"]
[EventCountry "SLO"]
[SourceTitle "CB06_2024"]
[SourceDate "2024.02.07"]
[SourceVersion "1"]
[SourceVersionDate "2024.02.07"]
[SourceQuality "1"]

1. d4 Nf6 2. c4 g6 3. Nc3 Bg7 4. e4 d6 5. h3 0-0 6. Be3 e5 7. d5 a5 8. g4 Na6 9. Nge2 c6 10. Ng3 cxd5 11. cxd5 Bd7 12. Qd2 a4 13. f3 Qa5 14. h4 Rfc8 15. h5 a3 16. Rc1 axb2 17. Qxb2 Nb4 18. Bd2 Qa3 19. Rb1 Nxa2 20. Qxa3 Rxa3 21. Nxa2 Rxa2 22. Bd3 Ra3 23. Be2 Bxg4 24. Bb4 Rxf3 25. Bxf3 Bxf3 26. 0-0 Bxe4 27. Rbc1 Bc2 28. Rf2 Nxd5 29. Rfxc2 Rxc2 30. Rxc2 Nxb4 31. Rc8+ Bf8 32. Ne4 d5 33. Nc5 Kg7 34. h6+ Kxh6 35. Rxf8 f5 36. Rb8 Na6 37. Nxa6 bxa6 38. Rd8 d4 39. Rd5 e4 40. Rxd4 Kg5 41. Rd7 h5 42. Rd6 a5 43. Kf2 f4 44. Ra6 h4 45. Kg2 Kf5 46. Kh3 e3 47. Kg2 g5 48. Kf3 g4+ 49. Ke2 h3 50. Rxa5+ Kg6 51. Ra8 h2 52. Rh8 g3 53. Kf3 e2 0-1

[Event "Titled Tuesday intern op 16th Jan Late"]
[Site "Chess.com INT"]
[Date "2024.01.16"]
[Round "10"]
[White "Bazilius, Augustinas"]
[Black "Aldokhin, Ivan"]
[Result "0-1"]
[WhiteElo "2030"]
[BlackElo "2413"]
[PlyCount "104"]
[EventDate "2024.01.16"]
[EventType "swiss (blitz)"]
[EventRounds "11"]
[EventCountry "USA"]
[SourceTitle "CB04_2024"]
[SourceDate "2023.10.16"]
[SourceVersion "1"]
[SourceVersionDate "2023.10.16"]
[SourceQuality "1"]

1. d4 Nf6 2. c4 g6 3. Nc3 Bg7 4. e4 0-0 5. h3 d6 6. Be3 Nc6 7. d5 Nb4 8. Nf3 Re8 9. Be2 e6 10. 0-0 exd5 11. exd5 a5 12. Qd2 Bd7 13. Bh6 Bh8 14. Nd4 Ne4 15. Nxe4 Rxe4 16. Nc2 Qe7 17. Ne3 Qh4 18. Ng4 Rxe2 19. Qxe2 Bxg4 20. Qxg4 Qxh6 21. Qd7 Qf4 22. Qxc7 Nd3 23. g3 Qd4 24. Qxb7 Re8 25. Rad1 Qe4 26. Qb3 Ne5 27. f3 Qe2 28. Rf2 Qxc4 29. Qxc4 Nxc4 30. b3 Ne3 31. Re2 Re5 32. Rde1 Nxd5 33. Rxe5 Bxe5 34. f4 Bf6 35. Rd1 Nc3 36. Rxd6 Kg7 37. Ra6 Nxa2 38. Rxa5 Nb4 39. Ra8 Bc3 40. Rc8 Bf6 41. Rb8 Nd3 42. Kh2 h5 43. b4 h4 44. gxh4 Nxf4 45. Kg3 Ne6 46. b5 Be5+ 47. Kg4 Bxb8 48. h5 gxh5+ 49. Kxh5 f5 50. h4 Kf6 51. b6 Bf4 52. b7 Ng7# 0-1

[Event "Titled Tuesday intern op 16th Jan Late"]
[Site "Chess.com INT"]
[Date "2024.01.16"]
[Round "3"]
[White "Bazilius, Augustinas"]
[Black "Harish, Neeraj"]
[Result "1-0"]
[WhiteElo "2030"]
[BlackElo "2090"]
[PlyCount "55"]
[EventDate "2024.01.16"]
[EventType "swiss (blitz)"]
[EventRounds "11"]
[EventCountry "USA"]
[SourceTitle "CB04_2024"]
[SourceDate "2023.10.16"]
[SourceVersion "1"]
[SourceVersionDate "2023.10.16"]
[SourceQuality "1"]

1. d4 d5 2. c4 e6 3. Nf3 Nf6 4. g3 h6 5. Bg2 Bd6 6. 0-0 0-0 7. Nc3 Nc6 8. e3 b6 9. a3 Bb7 10. cxd5 exd5 11. b4 Re8 12. Qb3 Ne7 13. Rd1 Qd7 14. Bb2 Rac8 15. Ne5 Qf5 16. Nb5 Bxe5 17. dxe5 Ne4 18. f3 Ng5 19. f4 Ne4 20. Nxa7 Rcd8 21. Nb5 c5 22. bxc5 bxc5 23. Nc7 Bc6 24. Nxe8 Rxe8 25. a4 d4 26. exd4 cxd4 27. Qd3 Nc5 28. Qxf5 1-0

[Event "Titled Tuesday intern op 16th Jan Early"]
[Site "Chess.com INT"]
[Date "2024.01.16"]
[Round "3"]
[White "Bazilius, Augustinas"]
[Black "Malikova, Marjona"]
[Result "0-1"]
[WhiteElo "2030"]
[BlackElo "2066"]
[PlyCount "68"]
[EventDate "2024.01.16"]
[EventType "swiss (blitz)"]
[EventRounds "11"]
[EventCountry "USA"]
[SourceTitle "CB04_2024"]
[SourceDate "2023.10.16"]
[SourceVersion "1"]
[SourceVersionDate "2023.10.16"]
[SourceQuality "1"]

1. d4 Nf6 2. c4 e6 3. Nf3 d5 4. g3 dxc4 5. Bg2 Bb4+ 6. Bd2 a5 7. a3 Bxd2+ 8. Nbxd2 b5 9. 0-0 c6 10. b3 cxb3 11. Qxb3 0-0 12. Rfc1 Ra6 13. e3 Bd7 14. Ne5 Nd5 15. Ne4 f6 16. Nd3 a4 17. Qb2 Rb6 18. Nec5 Na6 19. Nxa6 Rxa6 20. Nc5 Rb6 21. Rab1 Bc8 22. e4 Nc7 23. Nxa4 Ra6 24. Nc5 Ra7 25. e5 fxe5 26. dxe5 Nd5 27. Ne4 Qb6 28. Rc5 Ra4 29. Rbc1 Bd7 30. Qb3 Rfa8 31. Qd1 Rxa3 32. Qg4 Ra1 33. h4 Kh8 34. Ng5 Qxc5 0-1

[Event "Titled Tuesday intern op 16th Jan Late"]
[Site "Chess.com INT"]
[Date "2024.01.16"]
[Round "9"]
[White "Bazilius, Augustinas"]
[Black "Mendes, Aaron Reeve"]
[Result "1/2-1/2"]
[WhiteElo "2030"]
[BlackElo "2309"]
[PlyCount "224"]
[EventDate "2024.01.16"]
[EventType "swiss (blitz)"]
[EventRounds "11"]
[EventCountry "USA"]
[SourceTitle "CB04_2024"]
[SourceDate "2023.10.16"]
[SourceVersion "1"]
[SourceVersionDate "2023.10.16"]
[SourceQuality "1"]

1. d4 Nf6 2. c4 c6 3. Nc3 d5 4. Nf3 dxc4 5. a4 Bf5 6. e3 Nbd7 7. Bxc4 Nb6 8. Bd3 Bxd3 9. Qxd3 a5 10. 0-0 e6 11. Ne5 Bd6 12. f4 0-0 13. Rf3 c5 14. Ne4 Nxe4 15. Qxe4 cxd4 16. exd4 Nd5 17. f5 Nf6 18. Qxb7 Bxe5 19. dxe5 Qd1+ 20. Rf1 Qd4+ 21. Kh1 Qxe5 22. Bf4 Qd5 23. Qxd5 Nxd5 24. fxe6 fxe6 25. Be5 Rxf1+ 26. Rxf1 Rc8 27. h3 h6 28. Rf3 Rc4 29. b3 Re4 30. Bd6 e5 31. Rf5 Re1+ 32. Kh2 Ne3 33. Rxe5 Nf1+ 34. Kg1 Rxe5 35. Bxe5 Nd2 36. b4 axb4 37. a5 Nc4 38. a6 Nb6 39. Bd4 Na8 40. Kf2 Kf7 41. Ke3 Ke6 42. Bxg7 Nc7 43. a7 h5 44. Kd3 Kd5 45. Bf8 b3 46. Bg7 Kc6 47. Be5 Na8 48. Kc3 Kb7 49. Bd4 Nc7 50. Kxb3 Ne6 51. Kc4 Nf4 52. g4 h4 53. Bf2 Nxh3 54. Bxh4 Kxa7 55. Bg3 Ng5 56. Kd5 Kb7 57. Ke5 Kc6 58. Kf6 Ne4+ 59. Kf5 Nxg3+ 60. Kf4 Ne2+ 61. Kf5 Nc3 62. Kf6 Nd5+ 63. Kf7 Kd6 64. g5 Ne7 65. Kf6 Kd7 66. Kf7 Kd8 67. Kf6 Ke8 68. g6 Ng8+ 69. Kg7 Ne7 70. Kh7 Kf8 71. g7+ Kf7 72. Kh8 Ng8 73. Kh7 Nf6+ 74. Kh8 Ng8 75. Kh7 Ne7 76. Kh6 Kg8 77. Kg5 Nc8 78. Kf4 Nb6 79. Ke3 Na4 80. Kd2 Nb6 81. Kc1 Nd5 82. Kb1 Nb4 83. Kb2 Nd3+ 84. Ka3 Ne5 85. Kb4 Ng6 86. Kb5 Ne7 87. Kc5 Nf5 88. Kd5 Nh6 89. Ke6 Ng4 90. Kf5 Ne3+ 91. Kg6 Ng2 92. Kh6 Ne1 93. Kg6 Nd3 94. Kh6 Nc5 95. Kg6 Ne6 96. Kh6 Nf4 97. Kg5 Nd5 98. Kg6 Nc7 99. Kh6 Ne8 100. Kg6 Nd6 101. Kh6 Ne4 102. Kg6 Ng3 103. Kh6 Ne2 104. Kg6 Nf4+ 105. Kh6 Ne6 106. Kg6 Nc5 107. Kh6 Nd7 108. Kg6 Nb6 109. Kh6 Nc4 110. Kg6 Nd6 111. Kh6 Ne8 112. Kg6 Nxg7 1/2-1/2

[Event "Titled Tuesday intern op 16th Jan Early"]
[Site "Chess.com INT"]
[Date "2024.01.16"]
[Round "4"]
[White "Fernandez, Maria Florencia"]
[Black "Bazilius, Augustinas"]
[Result "0-1"]
[WhiteElo "2074"]
[BlackElo "2030"]
[PlyCount "68"]
[EventDate "2024.01.16"]
[EventType "swiss (blitz)"]
[EventRounds "11"]
[EventCountry "USA"]
[SourceTitle "CB04_2024"]
[SourceDate "2023.10.16"]
[SourceVersion "1"]
[SourceVersionDate "2023.10.16"]
[SourceQuality "1"]

1. d4 Nf6 2. c4 g6 3. Nc3 d6 4. e4 Bg7 5. h3 e5 6. d5 a5 7. g4 Na6 8. Be3 Nd7 9. Nge2 Bf6 10. Qd2 h6 11. 0-0-0 Bg5 12. f4 exf4 13. Nxf4 Ne5 14. Be2 Nc5 15. Kb1 a4 16. Qe1 0-0 17. h4 Bxf4 18. Bxf4 Nxg4 19. Bxg4 Bxg4 20. Bxh6 Bxd1 21. Qxd1 Re8 22. h5 Nxe4 23. Qd4 Qf6 24. Qd3 Nf2 25. Qf1 Qf5+ 26. Ka1 Nxh1 27. Qxh1 Qxh5 28. Qc1 Qh4 29. Bd2 Qxc4 30. a3 Re5 31. Qh1 Rae8 32. Qg1 Rf5 33. Qg3 Rf1+ 34. Nb1 Qc2 0-1

[Event "Titled Tuesday intern op 16th Jan Late"]
[Site "Chess.com INT"]
[Date "2024.01.16"]
[Round "11"]
[White "Hajiyev, Kanan"]
[Black "Bazilius, Augustinas"]
[Result "1-0"]
[WhiteElo "2129"]
[BlackElo "2030"]
[PlyCount "149"]
[EventDate "2024.01.16"]
[EventType "swiss (blitz)"]
[EventRounds "11"]
[EventCountry "USA"]
[SourceTitle "CB04_2024"]
[SourceDate "2023.10.16"]
[SourceVersion "1"]
[SourceVersionDate "2023.10.16"]
[SourceQuality "1"]

1. d4 Nf6 2. Nf3 g6 3. g3 Bg7 4. Bg2 0-0 5. 0-0 d6 6. b3 c5 7. Bb2 Nc6 8. c4 cxd4 9. Nxd4 Nxd4 10. Bxd4 Qa5 11. Qd2 Qh5 12. h4 Bh6 13. Be3 Bg7 14. Nc3 Ng4 15. Bd4 e5 16. Be3 Nxe3 17. Qxe3 f5 18. Rad1 f4 19. Qf3 Qh6 20. Qd5+ Kh8 21. Rd3 fxg3 22. fxg3 Rxf1+ 23. Bxf1 Bg4 24. Qxd6 Rf8 25. Ne4 Qc1 26. Rd1 Qc2 27. Qd3 Qxd3 28. Rxd3 Bf5 29. Bg2 Bh6 30. Rd1 Bxe4 31. Bxe4 Rf7 32. Bf3 Re7 33. Rd5 Be3+ 34. Kg2 e4 35. Bg4 Kg7 36. Rd7 Rxd7 37. Bxd7 Bc5 38. g4 e3 39. Bc8 b6 40. Bb7 a5 41. Kf3 Kf6 42. Ke4 g5 43. h5 h6 44. Bd5 Ke7 45. Bg8 Kf8 46. Bd5 Kg7 47. Kf5 Bb4 48. Be4 Bc5 49. Bd3 Bb4 50. Ke4 Bc5 51. Kd5 Kf6 52. Kc6 Ke5 53. Kd7 Kf6 54. Bf5 Ke5 55. Ke8 Kf6 56. Kd7 Ke5 57. Kc7 Kd4 58. a3 Ke5 59. b4 axb4 60. axb4 Bxb4 61. Kxb6 Kd4 62. Kb5 Bc5 63. Bd3 Bd6 64. Kc6 Ke5 65. c5 Be7 66. Kb6 Kd5 67. c6 Bc5+ 68. Kb7 Bd6 69. c7 Bxc7 70. Kxc7 Ke5 71. Kd7 Kf4 72. Bf5 Kg3 73. Ke6 Kf2 74. Bd3 Kg3 75. Kf5 1-0

[Event "Titled Tuesday intern op 16th Jan Late"]
[Site "Chess.com INT"]
[Date "2024.01.16"]
[Round "5"]
[White "Kokoszczynski, Jan"]
[Black "Bazilius, Augustinas"]
[Result "1-0"]
[WhiteElo "2250"]
[BlackElo "2030"]
[PlyCount "107"]
[EventDate "2024.01.16"]
[EventType "swiss (blitz)"]
[EventRounds "11"]
[EventCountry "USA"]
[SourceTitle "CB04_2024"]
[SourceDate "2023.10.16"]
[SourceVersion "1"]
[SourceVersionDate "2023.10.16"]
[SourceQuality "1"]

1. e4 c5 2. Nf3 e6 3. c3 d5 4. e5 Nc6 5. g3 a6 6. Bg2 b5 7. 0-0 Bb7 8. Re1 Nge7 9. d3 Ng6 10. Qe2 Be7 11. h4 h5 12. Bg5 Qc7 13. Bxe7 Ngxe7 14. Nbd2 c4 15. d4 b4 16. Rec1 a5 17. b3 bxc3 18. Rxc3 cxb3 19. Nxb3 Nxd4 20. Rxc7 Nxe2+ 21. Kh2 Bc6 22. Bf1 Nc3 23. Nbd4 Kd8 24. Rxc6 Nxc6 25. Nxc6+ Kd7 26. Ncd4 Rab8 27. a4 Rb2 28. Kg1 Ne4 29. Bb5+ Kc8 30. Rc1+ Kb8 31. Nc6+ Kb7 32. Nxa5+ Kb6 33. Nc6 Rc8 34. Nfd4 Nxf2 35. a5+ Kb7 36. a6+ Kb6 37. a7 Ra8 38. Bf1 Ne4 39. Ra1 Nxg3 40. Bg2 Ne2+ 41. Nxe2 Kxc6 42. Nf4 g6 43. Nd3 Rb7 44. Rc1+ Kb6 45. Bf1 Rbxa7 46. Rb1+ Kc7 47. Nc5 Ra1 48. Rb2 R8a2 49. Rb3 Kc6 50. Nd3 Ra3 51. Rb2 Kd7 52. Nc5+ Kc6 53. Nb3 R1a2 54. Nd4+ 1-0

[Event "Titled Tuesday intern op 09th Jan Early"]
[Site "Chess.com INT"]
[Date "2024.01.09"]
[Round "3"]
[White "Andreikin, Dmitry"]
[Black "Bazilius, Augustinas"]
[Result "0-1"]
[WhiteElo "2729"]
[BlackElo "2030"]
[PlyCount "64"]
[EventDate "2024.01.09"]
[EventType "swiss (blitz)"]
[EventRounds "11"]
[EventCountry "USA"]
[SourceTitle "CB03_2024"]
[SourceDate "2024.01.17"]
[SourceVersion "1"]
[SourceVersionDate "2024.01.17"]
[SourceQuality "1"]

1. d4 Nf6 2. c4 g6 3. Nc3 d6 4. e4 Bg7 5. h3 0-0 6. Be3 Nbd7 7. Nf3 a6 8. Bd3 c5 9. 0-0 cxd4 10. Bxd4 Nc5 11. Bc2 Bd7 12. e5 Ne8 13. exd6 exd6 14. Re1 Nf6 15. b3 Bc6 16. Re3 Ne6 17. Bxf6 Qxf6 18. Rb1 Bh6 19. Ne4 Qe7 20. Re1 Rad8 21. Nc3 Bg7 22. Nd5 Qd7 23. Qd2 Rfe8 24. Rbd1 Nc5 25. h4 Qg4 26. Re7 Ne6 27. Re1 Bxd5 28. Rxe8+ Rxe8 29. Qxd5 Re7 30. Qxd6 Nf4 31. g3 Qxf3 32. Qd8+ Bf8 0-1

[Event "Titled Tuesday intern op 09th Jan Early"]
[Site "Chess.com INT"]
[Date "2024.01.09"]
[Round "8"]
[White "Bazilius, Augustinas"]
[Black "Bueno, Alfeu Varela Jr"]
[Result "0-1"]
[WhiteElo "2030"]
[BlackElo "2156"]
[PlyCount "64"]
[EventDate "2024.01.09"]
[EventType "swiss (blitz)"]
[EventRounds "11"]
[EventCountry "USA"]
[SourceTitle "CB03_2024"]
[SourceDate "2024.01.17"]
[SourceVersion "1"]
[SourceVersionDate "2024.01.17"]
[SourceQuality "1"]

1. e4 e6 2. Nf3 d5 3. e5 c5 4. d4 cxd4 5. Nxd4 Nc6 6. Nxc6 bxc6 7. Be2 Ba6 8. 0-0 Bxe2 9. Qxe2 Bc5 10. Be3 Bxe3 11. Qxe3 Ne7 12. b4 0-0 13. a3 Nf5 14. Qe2 a5 15. Nd2 Qb6 16. c3 c5 17. Rab1 axb4 18. axb4 Ra2 19. Ra1 Rfa8 20. bxc5 Qxc5 21. Rxa2 Rxa2 22. Qd3 Ra3 23. Rb1 g6 24. g4 Rxc3 25. Qf1 Nd4 26. Kg2 Rc2 27. Nb3 Nxb3 28. Rxb3 d4 29. Rf3 Qd5 30. Qe1 Rc3 31. Qe2 Kf8 32. Kg3 d3 0-1

[Event "Titled Tuesday intern op 09th Jan Early"]
[Site "Chess.com INT"]
[Date "2024.01.09"]
[Round "5"]
[White "Manon Og, Ramon Jr"]
[Black "Bazilius, Augustinas"]
[Result "1-0"]
[WhiteElo "1950"]
[BlackElo "2030"]
[PlyCount "49"]
[EventDate "2024.01.09"]
[EventType "swiss (blitz)"]
[EventRounds "11"]
[EventCountry "USA"]
[SourceTitle "CB03_2024"]
[SourceDate "2024.01.17"]
[SourceVersion "1"]
[SourceVersionDate "2024.01.17"]
[SourceQuality "1"]

1. e4 c5 2. Nf3 e6 3. g3 Nc6 4. Bg2 d6 5. 0-0 e5 6. c3 Nf6 7. Re1 Be7 8. h3 0-0 9. d4 exd4 10. cxd4 cxd4 11. Nxd4 Nxd4 12. Qxd4 Qa5 13. Nc3 Be6 14. Bf4 Rfd8 15. Rad1 Rac8 16. Be3 b6 17. Bf4 Rc4 18. Qe3 Nh5 19. Nd5 Bxd5 20. exd5 Bf8 21. Bg5 f6 22. Qe6+ Kh8 23. Qf7 fxg5 24. Re8 Rcc8 25. Qxf8# 1-0